Life of luxury quiz - Statistics

General Stats
  • This quiz has been taken 661 times
  • The average score is 9 of 15
Answer Stats
Question Answer % Correct
What is a common trait many villains have? Abnormally long legs and arms
93%
Which video has the most views as of 2021? Her Son Can’t stop growing at night
89%
In “her son can’t stop growing at night,” what is something disturbing that is discovered at the end of the video? They find out that Tommy actually died a year ago
77%
The victims of the monsters are usually which ages? 18-19
76%
In “she thought her little brother was dead” what’s something of note that happens? Parker flirts with Millie the whole time, and they ditch her there at the end.
74%
In “something horrible happened to her sister” what happens at the end? Gale possesses Lea and they go to the woods where someone is waiting
66%
In something is wrong with her mom, what happens? Someone named Emma looks older than 19, and kidnapped real Emma.
66%
In “He loves to watch her sleep” what happened before the events of the video? Bailey comes home from college to find her mom and her sister missing
62%
When Parker and Chester go in the monsters room to set up a camera, what is a common thing in the room? An awful smell
58%
In “Her doll comes to life at night,” what is a creepy detail about the house that Parker and Chester find out a little too late… The house is condemned and nobody should be living there
49%
In “he’s been living under her bedroom floor,” does the monster capture Jennifer? No they run away, and she is safe
46%
In “it was hiding in the closet” what is one ability the monster has? The ability to posses people and take them away
45%
What’s the longest video? He shouldn’t be allowed to have a daughter
42%
What is one thing monsters often like to do during the night? Destroy cameras
36%
In “she needed our help but it was too late” what’s the name of the monster The Blast
32%
No matching quizzes found
Score Distribution
Percent of People with Each Score
Percentile by Number Answered
Your Score History
You have not taken this quiz